| 000 | 00548nam a2200205Ia 4500 | ||
|---|---|---|---|
| 003 | GCL | ||
| 008 | 140319s9999 xx 000 0 eng d | ||
| 020 | _a0735615128 | ||
| 040 |
_aGCL / _cGCL |
||
| 082 | 0 | 4 |
_a005.3 _bY M |
| 100 | 1 | _aYOUNG, MICHAEL J. | |
| 245 | 1 | 0 |
_aMICROSOFT OFFICE SYSTEM / _cYOUNG, MICHAEL J. |
| 700 | 1 | _aHALVORSON, MICHAEL | |
| 260 |
_aنيويورك : _bMICROSOFT ، _c2003 |
||
| 300 |
_a24 CM ؛ _c1530 P |
||
| 650 | 0 | 4 | _aOFFICE SYSTEM |
| 650 | 0 | 4 | _aOFFICE COMPUTER SYSTEM |
| 650 | 0 | 4 | _aOFFICE PROGRAM |
| 942 |
_2ddc _cBK |
||
| 999 |
_c7275 _d7275 |
||